Top 3 Players For Each NRL Position - Statistics

General Stats
  • This quiz has been taken 2,041 times
    2,035 since last reset
  • The average score is 8 of 27
Answer Stats
Hint Answer % Correct
Fullback Billy Slater
92%
Hooker Cameron Smith
81%
Five Eight Johnathan Thurston
73%
Halfback Cooper Cronk
70%
Centre Greg Inglis
63%
Lock Forward Paul Gallen
40%
Fullback Ben Barba
30%
Wing Brett Morris
30%
Centre Josh Morris
29%
Second Row Sam Thaiday
27%
Five Eight Benji Marshall
25%
Fullback Brett Stewart
24%
Lock Forward Glen Stewart
22%
Halfback Shaun Johnson
21%
Halfback Daley Cherry-Evans
19%
Prop Forward Matt Scott
19%
Hooker Michael Ennis
19%
Hooker Robbie Farah
19%
Lock Forward Luke Lewis
15%
Centre Jamie Lyon
13%
Wing Akuila Uate
10%
Wing David Williams
10%
Five Eight Kieran Foran
8%
Second Row Nate Myles
8%
Prop Forward Michael Weyman
3%
Second Row Ben Creagh
2%
Prop Forward Tim Grant
2%
No matching quizzes found
Score Distribution
Percent of People with Each Score
Percentile by Number Answered
Your Score History
You have not taken this quiz since the last reset